Microsoft Excel Functions and Formulas (Record no. 13369)

MARC details
000 -LEADER
fixed length control field 00426nam a22001697a 4500
003 - CONTROL NUMBER IDENTIFIER
control field OSt
008 - FIXED-LENGTH DATA ELEMENTS--GENERAL INFORMATION
fixed length control field 250421b |||||||| |||| 00| 0 eng d
020 ## - INTERNATIONAL STANDARD BOOK NUMBER
International Standard Book Number 9788183331821
082 ## - DEWEY DECIMAL CLASSIFICATION NUMBER
Classification number 005.54 HEM
100 ## - MAIN ENTRY--PERSONAL NAME
Personal name HELD,Bernd
245 ## - TITLE STATEMENT
Title Microsoft Excel Functions and Formulas
250 ## - EDITION STATEMENT
Edition statement 3rd Rep Ed
260 ## - PUBLICATION, DISTRIBUTION, ETC. (IMPRINT)
Place of publication, distribution, etc New Delhi
Name of publisher, distributor, etc BPB
Date of publication, distribution, etc 2025
300 ## - PHYSICAL DESCRIPTION
Extent 375
700 ## - ADDED ENTRY--PERSONAL NAME
Personal name Microsoft Excel Functions and Formulas
942 ## - ADDED ENTRY ELEMENTS (KOHA)
Source of classification or shelving scheme Dewey Decimal Classification
Koha item type Text Books
Holdings
Withdrawn status Lost status Source of classification or shelving scheme Damaged status Not for loan Collection code Home library Current library Date acquired Source of acquisition Currency Cost, normal purchase price Bill Number Total Checkouts Full call number Acc. no. / Barcode Date last seen Actual Cost, discounted price Bill Date Koha item type
    Dewey Decimal Classification     BCA PIET C-LIBRARY PIET C-LIBRARY 11/04/2025 Zaffa Books INR 597.00 ZBD0028   005.54 HEM BC2691 21/04/2025 435.81 11/04/2025 Reference Books
    Dewey Decimal Classification     BCA PIET C-LIBRARY PIET C-LIBRARY 11/04/2025 Zaffa Books INR 597.00 ZBD0028   005.54 HEM BC2692 21/04/2025 435.81 11/04/2025 Text Books
    Dewey Decimal Classification     BCA PIET C-LIBRARY PIET C-LIBRARY 11/04/2025 Zaffa Books INR 597.00 ZBD0028   005.54 HEM BC2693 21/04/2025 435.81 11/04/2025 Text Books
    Dewey Decimal Classification     BCA PIET C-LIBRARY PIET C-LIBRARY 11/04/2025 Zaffa Books INR 597.00 ZBD0028   005.54 HEM BC2694 21/04/2025 435.81 11/04/2025 Text Books
    Dewey Decimal Classification     BCA PIET C-LIBRARY PIET C-LIBRARY 11/04/2025 Zaffa Books INR 597.00 ZBD0028   005.54 HEM BC2695 21/04/2025 435.81 11/04/2025 Text Books

Design & Developed by: PIET Central Library
R70 Miles Stone Pattikalyana Samalkha Panipat 132102
mail ID :- [email protected], Phone No:- 0180-2569700 Ex.216